| 000 | 00623nam a2200217 a 4500 | ||
|---|---|---|---|
| 001 | 71727 | ||
| 003 | BD-RjUL | ||
| 005 | 20211209082143.0 | ||
| 008 | 170507s1955 p a|||| |||| 001 0 eng d | ||
| 035 | _a(BD-RjUL) 71943 | ||
| 040 |
_aBD-RjUL _beng _cBD-RjUL _dBD-RjUL |
||
| 041 | _aeng | ||
| 082 |
_223 _a720 _bHAB 1955 |
||
| 100 |
_aHaider, Sayed Zahir _9212221 |
||
| 245 |
_aBe Your Own Architect And Engineer / _cSayed Zahir Haider |
||
| 260 |
_aPakistan : _bOxford University Press, _c1955. |
||
| 300 |
_avi, 113 p. : _bill. ; _c22 cm. |
||
| 500 | _aIncludes Index. | ||
| 650 |
_aArchitecture _9212222 |
||
| 942 |
_2ddc _cBK |
||
| 999 |
_c71727 _d71727 |
||